<?xml version="1.0" encoding="UTF-8"?>
<record
    xmlns:xsi="http://www.w3.org/2001/XMLSchema-instance"
    xsi:schemaLocation="http://www.loc.gov/MARC21/slim http://www.loc.gov/standards/marcxml/schema/MARC21slim.xsd"
    xmlns="http://www.loc.gov/MARC21/slim">

  <leader>01970nam a22003257a 4500</leader>
  <controlfield tag="003">NALT</controlfield>
  <controlfield tag="005">20260204124143.0</controlfield>
  <controlfield tag="008">230426b        th ||||| |||| 00| 0 tha d</controlfield>
  <datafield tag="040" ind1=" " ind2=" ">
    <subfield code="a">NALT</subfield>
  </datafield>
  <datafield tag="050" ind1=" " ind2=" ">
    <subfield code="a">HD 58.8</subfield>
    <subfield code="b">&#xE18;625&#xE01; 2563</subfield>
  </datafield>
  <datafield tag="100" ind1="0" ind2=" ">
    <subfield code="9">60717</subfield>
    <subfield code="a">&#xE18;&#xE35;&#xE23;&#xE4C;&#xE18;&#xE23;&#xE23;&#xE21; &#xE27;&#xE38;&#xE11;&#xE12;&#xE34;&#xE27;&#xE31;&#xE15;&#xE23;&#xE0A;&#xE31;&#xE22;&#xE41;&#xE01;&#xE49;&#xE27;</subfield>
  </datafield>
  <datafield tag="245" ind1="1" ind2="0">
    <subfield code="a">&#xE01;&#xE25;&#xE22;&#xE38;&#xE17;&#xE18;&#xE4C;&#xE40;&#xE1E;&#xE37;&#xE48;&#xE2D;&#xE40;&#xE2A;&#xE23;&#xE34;&#xE21;&#xE2A;&#xE23;&#xE49;&#xE32;&#xE07;&#xE2D;&#xE07;&#xE04;&#xE4C;&#xE01;&#xE23;&#xE41;&#xE2B;&#xE48;&#xE07;&#xE04;&#xE27;&#xE32;&#xE21;&#xE2A;&#xE38;&#xE02; /</subfield>
    <subfield code="c">&#xE18;&#xE35;&#xE23;&#xE4C;&#xE18;&#xE23;&#xE23;&#xE21; &#xE27;&#xE38;&#xE11;&#xE12;&#xE34;&#xE27;&#xE31;&#xE15;&#xE23;&#xE0A;&#xE31;&#xE22;&#xE41;&#xE01;&#xE49;&#xE27;, &#xE01;&#xE24;&#xE29;&#xE0E;&#xE32; &#xE25;&#xE14;&#xE32;&#xE2A;&#xE27;&#xE23;&#xE23;&#xE04;&#xE4C;, &#xE17;&#xE23;&#xE07;&#xE27;&#xE38;&#xE12;&#xE34; &#xE2D;&#xE31;&#xE28;&#xE27;&#xE1E;&#xE24;&#xE01;&#xE29;&#xE0A;&#xE32;&#xE15;&#xE34;, &#xE1B;&#xE20;&#xE31;&#xE0E;&#xE0A;&#xE21;&#xE19; &#xE1F;&#xE39;&#xE41;&#xE2A;&#xE07;. </subfield>
  </datafield>
  <datafield tag="246" ind1="1" ind2="4">
    <subfield code="a">8 &#xE01;&#xE25;&#xE22;&#xE38;&#xE17;&#xE18;&#xE4C;&#xE40;&#xE1E;&#xE37;&#xE48;&#xE2D;&#xE40;&#xE2A;&#xE23;&#xE34;&#xE21;&#xE2A;&#xE23;&#xE49;&#xE32;&#xE07;&#xE2D;&#xE07;&#xE04;&#xE4C;&#xE01;&#xE23;&#xE41;&#xE2B;&#xE48;&#xE07;&#xE04;&#xE27;&#xE32;&#xE21;&#xE2A;&#xE38;&#xE02;.</subfield>
  </datafield>
  <datafield tag="250" ind1=" " ind2=" ">
    <subfield code="a">&#xE1E;&#xE34;&#xE21;&#xE1E;&#xE4C;&#xE04;&#xE23;&#xE31;&#xE49;&#xE07;&#xE17;&#xE35;&#xE48; 1.</subfield>
  </datafield>
  <datafield tag="260" ind1=" " ind2=" ">
    <subfield code="a">&#xE01;&#xE23;&#xE38;&#xE07;&#xE40;&#xE17;&#xE1E;&#xE2F; :</subfield>
    <subfield code="b">&#xE28;&#xE39;&#xE19;&#xE22;&#xE4C;&#xE2D;&#xE07;&#xE04;&#xE4C;&#xE01;&#xE23;&#xE2A;&#xE38;&#xE02;&#xE20;&#xE32;&#xE27;&#xE30; &#xE2A;&#xE33;&#xE19;&#xE31;&#xE01;&#xE07;&#xE32;&#xE19;&#xE01;&#xE2D;&#xE07;&#xE17;&#xE38;&#xE19;&#xE2A;&#xE19;&#xE31;&#xE1A;&#xE2A;&#xE19;&#xE38;&#xE19;&#xE01;&#xE32;&#xE23;&#xE2A;&#xE23;&#xE49;&#xE32;&#xE07;&#xE40;&#xE2A;&#xE23;&#xE34;&#xE21;&#xE2A;&#xE38;&#xE02;&#xE20;&#xE32;&#xE1E;(&#xE2A;&#xE2A;&#xE2A;.),</subfield>
    <subfield code="c">2559.</subfield>
  </datafield>
  <datafield tag="650" ind1=" " ind2="4">
    <subfield code="9">7434</subfield>
    <subfield code="a">&#xE04;&#xE27;&#xE32;&#xE21;&#xE2A;&#xE38;&#xE02;</subfield>
  </datafield>
  <datafield tag="650" ind1=" " ind2="4">
    <subfield code="9">6208</subfield>
    <subfield code="a">&#xE04;&#xE27;&#xE32;&#xE21;&#xE1E;&#xE2D;&#xE43;&#xE08;&#xE43;&#xE19;&#xE01;&#xE32;&#xE23;&#xE17;&#xE33;&#xE07;&#xE32;&#xE19;</subfield>
  </datafield>
  <datafield tag="650" ind1=" " ind2="4">
    <subfield code="9">44</subfield>
    <subfield code="a">&#xE01;&#xE32;&#xE23;&#xE1A;&#xE23;&#xE34;&#xE2B;&#xE32;&#xE23;&#xE07;&#xE32;&#xE19;&#xE1A;&#xE38;&#xE04;&#xE04;&#xE25;</subfield>
  </datafield>
  <datafield tag="650" ind1=" " ind2="4">
    <subfield code="9">6518</subfield>
    <subfield code="a">&#xE27;&#xE31;&#xE12;&#xE19;&#xE18;&#xE23;&#xE23;&#xE21;&#xE2D;&#xE07;&#xE04;&#xE4C;&#xE01;&#xE32;&#xE23;</subfield>
  </datafield>
  <datafield tag="653" ind1=" " ind2="4">
    <subfield code="a">&#xE04;&#xE27;&#xE32;&#xE21;&#xE2A;&#xE38;&#xE02;&#xE43;&#xE19;&#xE01;&#xE32;&#xE23;&#xE17;&#xE33;&#xE07;&#xE32;&#xE19;</subfield>
  </datafield>
  <datafield tag="700" ind1="0" ind2=" ">
    <subfield code="9">60767</subfield>
    <subfield code="a">&#xE01;&#xE24;&#xE29;&#xE0E;&#xE32; &#xE25;&#xE14;&#xE32;&#xE2A;&#xE27;&#xE23;&#xE23;&#xE04;&#xE4C;</subfield>
  </datafield>
  <datafield tag="700" ind1="0" ind2=" ">
    <subfield code="9">60768</subfield>
    <subfield code="a">&#xE17;&#xE23;&#xE07;&#xE27;&#xE38;&#xE12;&#xE34; &#xE2D;&#xE31;&#xE28;&#xE27;&#xE1E;&#xE24;&#xE01;&#xE29;&#xE0A;&#xE32;&#xE15;&#xE34;</subfield>
  </datafield>
  <datafield tag="700" ind1="0" ind2=" ">
    <subfield code="9">60769</subfield>
    <subfield code="a">&#xE1B;&#xE20;&#xE31;&#xE0E;&#xE0A;&#xE21;&#xE19; &#xE1F;&#xE39;&#xE41;&#xE2A;&#xE07;</subfield>
  </datafield>
  <datafield tag="850" ind1=" " ind2=" ">
    <subfield code="a">NALT</subfield>
  </datafield>
  <datafield tag="942" ind1=" " ind2=" ">
    <subfield code="c">GB</subfield>
    <subfield code="2">lcc</subfield>
  </datafield>
  <datafield tag="996" ind1=" " ind2=" ">
    <subfield code="a">chunbijaya.r</subfield>
    <subfield code="b">CATSTF	</subfield>
    <subfield code="c">2023-04-26</subfield>
  </datafield>
  <datafield tag="996" ind1=" " ind2=" ">
    <subfield code="a">saiphon.d</subfield>
    <subfield code="b">CATSTF	</subfield>
    <subfield code="c">2023-05-02</subfield>
  </datafield>
  <datafield tag="999" ind1=" " ind2=" ">
    <subfield code="c">101963</subfield>
    <subfield code="d">101963</subfield>
  </datafield>
  <datafield tag="998" ind1=" " ind2=" ">
    <subfield code="j">111</subfield>
    <subfield code="k"> &#xE19;&#xE32;&#xE07;&#xE2A;&#xE32;&#xE27;&#xE1E;&#xE08;&#xE1E;&#xE34;&#xE13;  &#xE1E;&#xE23;&#xE21;&#xE40;&#xE2D;&#xE35;&#xE48;&#xE22;&#xE21;</subfield>
  </datafield>
  <datafield tag="952" ind1=" " ind2=" ">
    <subfield code="0">0</subfield>
    <subfield code="1">0</subfield>
    <subfield code="2">lcc</subfield>
    <subfield code="4">0</subfield>
    <subfield code="7">0</subfield>
    <subfield code="8">CGBL</subfield>
    <subfield code="a">NALT</subfield>
    <subfield code="b">NALT</subfield>
    <subfield code="c">GEN</subfield>
    <subfield code="d">2023-04-26</subfield>
    <subfield code="l">4</subfield>
    <subfield code="m">3</subfield>
    <subfield code="o">HD 58.8 &#xE18;625&#xE01; 2563</subfield>
    <subfield code="p">3961213955</subfield>
    <subfield code="r">2026-02-18 00:00:00</subfield>
    <subfield code="s">2026-02-04</subfield>
    <subfield code="w">2023-04-26</subfield>
    <subfield code="y">GB</subfield>
  </datafield>
</record>
